<?xml version="1.0" encoding="UTF-8"?>
<collection xmlns="http://www.loc.gov/MARC21/slim">
 <record>
  <leader>     na                 </leader>
  <controlfield tag="001">YOGYA000000000101052</controlfield>
  <controlfield tag="005">20161227111838.0</controlfield>
  <datafield tag="020" ind1=" " ind2=" ">
   <subfield code="a">978-979-463-679-6</subfield>
  </datafield>
  <datafield tag="035" ind1=" " ind2=" ">
   <subfield code="0">010-011400000000254</subfield>
  </datafield>
  <datafield tag="040" ind1=" " ind2=" ">
   <subfield code="a">YOPDYOG</subfield>
  </datafield>
  <datafield tag="082" ind1=" " ind2=" ">
   <subfield code="2">[22]</subfield>
   <subfield code="a">726.143</subfield>
  </datafield>
  <datafield tag="084" ind1=" " ind2=" ">
   <subfield code="a">726.143 Mem</subfield>
  </datafield>
  <datafield tag="090" ind1=" " ind2=" ">
   <subfield code="a">CoE 726.143 Mem</subfield>
  </datafield>
  <datafield tag="245" ind1=" " ind2=" ">
   <subfield code="a">MEMUJI Prambanan</subfield>
   <subfield code="b">: Bunga rampai para cendekiawan Belanda tentang kompleks percandian Loro Jonggrang</subfield>
   <subfield code="c">/ editor, Roy Jordaan ; alih bahasa, Yosef Maria Florisan</subfield>
  </datafield>
  <datafield tag="250" ind1=" " ind2=" ">
   <subfield code="a">Ed. 1</subfield>
  </datafield>
  <datafield tag="260" ind1=" " ind2=" ">
   <subfield code="a">Jakarta</subfield>
   <subfield code="b">Yayasan Obor Indonesia</subfield>
   <subfield code="c">2009</subfield>
  </datafield>
  <datafield tag="300" ind1=" " ind2=" ">
   <subfield code="a">xviii, 337 hlm. :</subfield>
   <subfield code="b">ilus.</subfield>
   <subfield code="c">; 24 cm.</subfield>
  </datafield>
  <datafield tag="500" ind1=" " ind2=" ">
   <subfield code="a">Indeks</subfield>
  </datafield>
  <datafield tag="504" ind1=" " ind2=" ">
   <subfield code="a">Bibliografi : hlm. 314-331</subfield>
  </datafield>
  <datafield tag="520" ind1=" " ind2=" ">
   <subfield code="a">Buku ini mencurahkan perhatian pada kompleks percandian Hindu-Jawa Prambanan yang juga dikenal dengan nama lokalnya Candi Loro Jonggrang. Buku ini terdiri dari dua bagian. Bagian Satu adalah sebuah pengantar umum tentang kompleks percandian yang dilandaskan pada sebuah penyelidikan atas karya-karya ilmiah yang ada. Bagian ini menyajikan sebuah penelitian paling mutakhir yang terperinci mengenai berbagai terbitan tentang Candi Prambanan dan juga latar belakang agamawi-politik yang memungkinkan pembangunannya. Turut pula diselisik soal-soal semisal kemungkinan penanggalan kompleks tersebut, lokasi, nama serta rancangan arsitekturnya, para penguasa dan aliran-aliran keagamaan yang terlibat dalam pembangunannya, serta situasi keagamaan dan politik yang berubah dramatis pada kurun waktu itu. Demikian pula dengan penyelidikan aneka rupa teori dari para arkeolog menyangkut tempat dan kedudukan Candi Prambanan dalam perkembangan arsitektur Hindu-Jawa. Bagian Dua berisikan sekumpulan tulisan penting untuk pertama kalinya dalam terjemahan Indonesia yang disusun oleh sejumlah pakar Belanda kenamaan yang semuanya berpengalaman langsung: J.W. IJzerman, J. Ph. Vogel, N.J. Krom, F.D.K. Bosch, B. de Haan, W.F. Stutterheim, V.R. van Romondt serta A.J. Bernet Kempers. Empat di antaranya secara berturut-turut menjabat sebagai kepala Dinas Purbakala dan dua yang lain sebagai arsitek yang bertanggung jawab atas perencanaan pemugaran beberapa bagian penting dari kompleks percandian tersebut. Pengetahuan langsung lagi mendalam para penulis ini terpantul dalam karangan-karangan pilihan. Buku ini juga diperkaya oleh ilustrasi berupa berbagai foto, gambar, dan denah.</subfield>
  </datafield>
  <datafield tag="650" ind1=" " ind2=" ">
   <subfield code="a">Prambanan (Candi)</subfield>
  </datafield>
  <datafield tag="700" ind1=" " ind2=" ">
   <subfield code="a">Roy Jordaan</subfield>
  </datafield>
  <datafield tag="850" ind1=" " ind2=" ">
   <subfield code="a">YOPDYOG</subfield>
  </datafield>
  <datafield tag="990" ind1=" " ind2=" ">
   <subfield code="a">2027/B.2014</subfield>
  </datafield>
  <datafield tag="990" ind1=" " ind2=" ">
   <subfield code="a">2028/B.2014</subfield>
  </datafield>
  <datafield tag="990" ind1=" " ind2=" ">
   <subfield code="a">2029/B.2014</subfield>
  </datafield>
 </record>
</collection>
